000 00433nam a2200193Ia 4500
008 171120s9999 xx 000 0 und d
020 _a9.7807946045e+012
050 _a912
050 _bP445 2007
100 _aPeriplus.
245 _aWorld physical wall map /
245 _cby Periplus.
260 _bPeriplus,
260 _c2007
300 _billustrations ;
300 _c27cm.
650 _aMaps.
700 _aTitle.
999 _c345165
_d345165